[Event "2nd Sharjah Masters 2018"]
[Site "Sharjah"]
[Date "2018.04.16"]
[Round "6"]
[White "Abou El Zein, Eid Mahmoud"]
[Black "Salim Mohammed Salim Al Amri"]
[Result "1-0"]
[WhiteElo "2156"]
[BlackElo "1970"]
[Annotator "TA"]
[PlyCount "87"]
[EventDate "2018.??.??"]
[EventType "swiss"]
[EventCountry "UAE"]
[SourceTitle "playchess.com"]
[Source "ChessBase"]
[SourceQuality "1"]

{[%evp 14,87,70,70,91,25,62,52,49,59,85,54,60,63,79,49,60,52,80,67,71,55,118,118,154,146,189,204,197,190,198,79,101,0,80,0,47,0,0,5,0,0,0,0,0,0,6,0,0,-101,-80,-72,-56,-53,-54,-67,-73,-66,18,-13,-26,-44,0,0,0,-27,373,349,2941,2427,860,470,6187,6315,5185,1591]} 1. d4 Nf6 2. c4 c5 3. d5 e5 4. Nc3 d6 5. e4 Be7 6. h3 O-O 7. Nf3 {[%cal Bg1f3,Bf3d2,Bd2f1][%mdl 32]} h6 {A56: Czech Benoni} (7... Nbd7 8. Bd3 a6 9. a4 Nh5 10. Ne2 g6 11. g4 Ng7 12. Ng3 Kh8 13. Be3 Nf6 14. Qc2 Ng8 15. Ke2 Bd7 16. b4 cxb4 {0-1 (43) Lautier,J (2678)-Nisipeanu,L (2673) Noyon 2005}) 8. Bd3 {LiveBook: 3 Games} Nh7 9. g4 ({Better is} 9. O-O $16) 9... Ng5 $146 {White has an edge.} ({Find the theoretical novelty and annotate with similar games:} 9... Bg5 10. Nxg5 hxg5 11. Be3 Nd7 12. Qd2 Re8 13. h4 gxh4 14. g5 Ndf8 15. Rxh4 {1-0 (30) Delacotte,B-Grego,P Agneaux 2000}) 10. Nd2 Nh7 11. Nf1 Bg5 12. Ng3 Bxc1 13. Qxc1 a6 14. Nf5 Bxf5 15. exf5 Nd7 16. h4 e4 17. Be2 $1 (17. Bxe4 Re8 $15) 17... Re8 ({Black should try} 17... Ne5 $14) 18. Qf4 $16 Ne5 19. O-O-O $1 (19. Nxe4 Nf6 $11) 19... Nd3+ 20. Bxd3 exd3 21. Rxd3 b5 22. Ne4 ({Weaker is} 22. cxb5 axb5 23. Nxb5 Rxa2 $11) (22. g5 $1 $18 {and White stays clearly on top.}) 22... bxc4 23. Ra3 (23. Rd2 $16) 23... Re5 (23... Rb8 $11) 24. Nc3 (24. g5 $16) 24... Qe7 25. Qxc4 Nf6 26. g5 hxg5 27. hxg5 Re1+ 28. Rxe1 Qxe1+ 29. Nd1 $1 Ne4 {( -> ...Qd2+)} 30. Qc2 {Re3 is the strong threat.} Nxg5 31. f4 {[#]} (31. Qd2 $11 {remains equal.} Qe7 32. Qf4) 31... Nh7 $1 $17 ({Don't go for} 31... Ne4 $2 32. Re3 $18) 32. Qh2 Qe4 33. Rh3 $1 {[%cal Rh3h7]} Qxf5 34. Rh5 g5 $1 35. fxg5 Qg6 (35... Re8 $1 $15) 36. Ne3 Re8 37. Ng4 $1 {[%cal Rg4f6] Black must now prevent Nf6+!} Re1+ 38. Kd2 {[#]} Nxg5 $1 {[%mdl 512]} 39. Qf4 {[#]} ({Not} 39. Rh8+ $2 Kg7 $19) 39... Re4 $2 {[%mdl 8192]} (39... Rd1+ $1 $11 {[%mdl 512]} 40. Kxd1 Qxh5) 40. Qxg5 $18 {White wants to mate with Qd8+.} Kg7 $2 (40... Rd4+ 41. Ke2 Kg7) 41. Rh7+ {White is clearly winning.} Kxh7 42. Nf6+ Kh8 (42... Kg7 $142 43. Qxg6+ fxg6 44. Nxe4 g5) 43. Qxg6 {[%csl Gf6][%cal Rg6h7]} Rd4+ 44. Qd3 $1 {Precision: White = 58%, Black = 36%.} 1-0

[Event "2nd Sharjah Masters 2018"]
[Site "Sharjah"]
[Date "2018.04.16"]
[Round "6"]
[White "Maroroa, Sue"]
[Black "Tahbaz, Arash"]
[Result "1-0"]
[WhiteElo "2102"]
[BlackElo "2434"]
[Annotator "TA"]
[PlyCount "69"]
[EventDate "2018.??.??"]
[EventType "swiss"]
[EventCountry "UAE"]
[SourceTitle "playchess.com"]
[Source "ChessBase"]
[SourceQuality "1"]

{[%evp 17,69,12,54,22,33,33,52,38,41,24,79,77,122,38,28,22,94,106,90,-44,1,-47,-35,-67,-40,-43,-45,-49,75,67,99,105,253,-322,2564,2669,29982,29983,29989,29990,29990,2788,29985,29984,29986,29987,29987,29988,29987,29985,29980,29981,2572,1769]} 1. e4 g6 2. d4 Bg7 3. Nc3 d6 4. Be3 Nd7 5. Qd2 a6 6. h4 h5 7. Nh3 {B06: Modern Defence} b5 8. Ng5 Bb7 9. O-O-O e6 {LiveBook: 13 Games} 10. f4 Ngf6 11. f5 $146 ({Predecessor:} 11. a3 Qe7 12. f5 gxf5 13. exf5 exf5 14. Bd3 Ne4 15. Ngxe4 fxe4 {0-1 (47) Goumas,G (2391)-Esen,B (2570) Albena 2014}) 11... gxf5 12. exf5 e5 $1 13. Bd3 exd4 (13... O-O $11) 14. Bxd4 $16 O-O 15. Nce4 (15. Be4 $1 $16 {[%cal Re4b7]} Qc8 16. Rhe1) 15... c5 $14 16. Nxd6 Bd5 (16... cxd4 $11 {remains equal.} 17. Nxb7 Qc7) 17. Bg1 $16 (17. Bc3 b4 $15) 17... Qb6 18. Nde4 (18. Bh2 $16) 18... Rfe8 {[%cal Rf6e4][%mdl 1024] Black has compensation.} 19. Nc3 {[%cal Be4c3,Bc3e2,Be2f4][%mdl 32]} Bc6 20. Rh3 b4 21. Ne2 $1 Ne5 {...Qa5 is the strong threat.} ({Much worse is} 21... Bxg2 22. Rg3 $14) 22. Rg3 Re7 (22... Qc7 $15 {keeps the upper hand.} 23. Nf4 (23. Bxc5 Qa5 $11) 23... Nxd3+ 24. cxd3 Rad8) 23. Nf4 {Threatens to win with Be2.} Qa5 24. Kb1 $36 {[%mdl 2048] White is in control.} Rd8 {[#]} (24... c4 $16 {is a better defense.}) 25. Qe2 $4 {[%mdl 8192]} (25. Nf3 $1 $18 {is the narrow road to win.}) 25... Ng6 $4 {[%mdl 8192]} (25... c4 $19 26. Nxh5 Nxh5 27. Qxh5 cxd3 28. cxd3 Ng4 29. Rxg4 (29. Qxg4 Bd5 $15) 29... Qxf5 30. Rxb4 Bxg2) 26. fxg6 $18 Bd5 27. Qxe7 Rd7 28. gxf7+ Bxf7 {[#]} 29. Qxc5 (29. Qxf7+ $142 $1 Rxf7 30. Bc4 Bh8 31. Nxf7+ Ng4 32. Nxh5 Bd4 33. Rf1 Kf8 34. Ne5+ Ke8 35. Rf7) 29... Qxa2+ 30. Kc1 {[%cal Bb1c1,Bc1d2,Bd2d1][%mdl 32]} Qa1+ 31. Kd2 Qxb2 32. Qc8+ Be8 33. Re1 Qc3+ 34. Qxc3 bxc3+ 35. Kd1 {Precision: White = 40%, Black = 28%.} 1-0

[Event "2nd Sharjah Masters 2018"]
[Site "Sharjah"]
[Date "2018.04.16"]
[Round "6"]
[White "Al Hosani, Omran"]
[Black "Assaubayeva, Bibisara"]
[Result "1-0"]
[WhiteElo "2101"]
[BlackElo "2359"]
[Annotator "TA"]
[PlyCount "87"]
[EventDate "2018.??.??"]
[EventType "swiss"]
[EventCountry "UAE"]
[SourceTitle "playchess.com"]
[Source "ChessBase"]
[SourceQuality "1"]

{[%evp 19,87,29,29,18,81,71,91,95,128,129,131,124,103,111,112,100,136,124,204,202,198,204,209,205,202,164,174,157,231,234,233,234,218,212,219,217,266,253,276,268,249,263,357,352,361,352,410,343,479,480,747,729,1010,1000,545,611,542,571,991,958,1208,1207,12838,12838,5246,797,2675,2774,1362,1168]} 1. Nf3 Nf6 2. c4 c6 3. g3 d5 4. Bg2 Bf5 5. O-O e6 6. d4 h6 7. Nc3 Nbd7 8. Qb3 Qb6 9. c5 Qc7 {D11: Slav Defence: 3 Nf3 sidelines and 3...Nf6 4 e3 Bg4} 10. Bf4 Qc8 {LiveBook: 22 Games} 11. a4 $146 ({Predecessor:} 11. Nd2 g5 12. Bd6 Bxd6 13. cxd6 O-O 14. f3 c5 15. e4 Bg6 16. Rac1 Qc6 17. e5 {1-0 (34) Stupak,K (2588)-Rodshtein,M (2699) Katowice 2017}) 11... b6 {[#]} (11... g5 $11 {remains equal.} 12. Bd6 Bxd6 13. cxd6 O-O) 12. cxb6 $1 $16 axb6 {[#]} 13. Rfc1 $1 {aiming for Nb5!} Qb7 14. Ne5 g5 15. Nxd7 Nxd7 16. Bd2 Nf6 {[#]} 17. a5 $1 {[%mdl 512]} b5 (17... Rxa5 18. Rxa5) 18. Na2 Bd6 (18... Nd7 $16 19. Nb4 Nb8) 19. Nb4 $18 Bxb4 20. Bxb4 Ra6 21. Qc3 Kd7 22. Qc5 Kc8 23. Ra3 $36 {[%mdl 2048] Black is under strong pressure.} Ne8 (23... Ne4 $16 24. Bxe4 Bxe4) 24. e4 Bxe4 25. Bxe4 dxe4 26. d5 exd5 27. Qxd5 Nc7 28. Qxf7 ({Much less strong is} 28. Qxe4 Rd8 $18) 28... Rd8 29. Qf5+ Kb8 30. Qxe4 Nd5 31. Bc5 Qd7 32. Re1 Kb7 33. b4 Nc7 34. Qg6 {White is clearly winning.} Raa8 (34... Qd2 $142) 35. Rae3 Re8 36. Re7 Rxe7 37. Rxe7 ({Worse is} 37. Bxe7 Re8 $17) 37... Qd1+ 38. Kg2 Qd5+ 39. f3 Qd2+ 40. Kh3 h5 {[#]} 41. a6+ $1 {[%mdl 512]} Rxa6 42. Qd6 (42. Bd6 $142 g4+ 43. fxg4 hxg4+ 44. Kh4 Qxh2+ 45. Kxg4) 42... g4+ 43. fxg4 hxg4+ 44. Kxg4 {Precision: White = 81%, Black = 39%.} 1-0

[Event "2nd Sharjah Masters 2018"]
[Site "Sharjah"]
[Date "2018.04.16"]
[Round "6"]
[White "Al-Zaabi, Sultan"]
[Black "Dixit, Nikhil"]
[Result "0-1"]
[WhiteElo "2061"]
[BlackElo "2285"]
[Annotator "NA RC"]
[PlyCount "52"]
[EventDate "2018.??.??"]
[EventType "swiss"]
[EventCountry "UAE"]
[SourceTitle "playchess.com"]
[Source "ChessBase"]
[SourceQuality "1"]
[TimeControl "5400+30"]

1. d4 {[%emt 0:05:12]} Nf6 {[%emt 0:00:39]} 2. Nf3 {[%emt 0:00:21]} g6 {[%emt 0:00:05]} 3. g3 {[%emt 0:00:10]} Bg7 {[%emt 0:00:05]} 4. Bg2 {[%emt 0:00:08]} O-O {[%emt 0:00:05]} 5. O-O {[%emt 0:00:05]} d6 {[%emt 0:00:06]} 6. a4 {[%emt 0:01:46]} a5 {[%emt 0:03:08]} 7. b3 {[%emt 0:00:20]} e5 {[%emt 0:05:43]} 8. dxe5 {[%emt 0:01:41]} Ng4 {[%emt 0:01:44]} 9. Bg5 {[%emt 0:07:09]} Qd7 {[%emt 0:06:29]} 10. Nc3 {[%emt 0:07:29]} h6 {[%emt 0:10:06]} 11. Bd2 {[%emt 0:09:30]} Nxe5 {[%emt 0:16:59]} 12. Nxe5 {[%emt 0:04:23]} dxe5 {[%emt 0:01:09]} 13. Qc1 {[%emt 0:08:20]} Kh7 {[%emt 0:00:46]} 14. Rd1 {[%emt 0:04:32]} c6 {[%emt 0:07:57]} 15. Ne4 {[%emt 0:03:49]} Qe7 {[%emt 0:07:40]} 16. Be3 {[%emt 0:02:17]} Na6 {[%emt 0:03:12]} 17. Bb6 {[%emt 0:03:21]} Qb4 {[%emt 0:10:53]} 18. Be3 {[%emt 0:11:00]} f5 {[%emt 0:06:29]} 19. Nd6 {[%emt 0:00:22]} f4 {[%emt 0:01:29]} 20. Nxc8 {[%emt 0:09:17]} fxe3 {[%emt 0:00:29]} 21. Nd6 {[%emt 0:00:17]} exf2+ {[%emt 0:00:43]} 22. Kh1 {[%emt 0:00:25]} Rad8 {[%emt 0:07:22]} 23. Ne4 {[%emt 0:04:56]} Rxd1+ {[%emt 0:00:48]} 24. Qxd1 {[%emt 0:00:15]} f1=Q+ {[%emt 0:00:56]} 25. Bxf1 {[%emt 0:00:14]} Qxe4+ {[%emt 0:00:07]} 26. Bg2 {[%emt 0:00:02]} Qd4 {[%emt 0:00:14]} 0-1

[Event "2nd Sharjah Masters 2018"]
[Site "Sharjah"]
[Date "2018.04.16"]
[Round "6"]
[White "Bharath Subramaniyam H"]
[Black "Iniyan, P."]
[Result "1/2-1/2"]
[WhiteElo "1997"]
[BlackElo "2466"]
[Annotator "TA"]
[PlyCount "192"]
[EventDate "2018.??.??"]
[EventType "swiss"]
[EventCountry "UAE"]
[SourceTitle "playchess.com"]
[Source "ChessBase"]
[SourceQuality "1"]

{[%evp 13,192,3,0,-21,-12,-15,-19,-13,-11,-15,-5,-20,-14,-29,0,0,0,0,0,0,0,-12,0,0,14,0,0,0,23,20,41,0,0,0,0,0,0,-2,-8,-8,-8,-7,0,0,0,0,0,0,0,0,0,0,0,0,0,0,0,0,-4,-4,0,0,0,0,0,0,0,0,0,0,0,0,0,0,0,0,0,0,0,0,0,0,0,0,0,0,0,0,0,0,0,0,0,0,0,0,0,0,0,0,0,0,0,0,0,-6,0,0,0,0,0,0,0,-6,0,0,0,0,0,0,0,0,0,0,0,0,0,0,0,0,0,-7,-7,-7,-7,-7,-7,-7,-7,-7,-7,-7,0,-7,-7,-7,-7,-7,-7,-7,-7,-7,-7,-7,0,-7,-7,-7,-7,-7,0,0,0,0,0,0,0,0,0,0,0,0,0,0,0,0,0,0,0,0,0]} 1. e4 c5 2. Nc3 a6 3. f4 b5 4. Nf3 Bb7 5. d4 (5. d3 e6 6. g3 Nf6 7. Bg2 d6 8. O-O Qc7 9. h3 Be7 10. a4 b4 11. Ne2 h5 12. b3 Nbd7 13. Bb2 a5 14. Kh1 e5 15. Nd2 {1-0 (36) Amonatov,F (2636)-Korobov,A (2652) Riadh 2017}) 5... cxd4 6. Qxd4 {B23: Closed Sicilian: Lines without g3} e6 7. Bd3 Qc7 {LiveBook: 4 Games} 8. Be3 Nc6 $146 ({Predecessor:} 8... Nf6 9. e5 Nd5 10. Nxd5 Bxd5 11. O-O Nc6 12. Qb6 {0-1 (49) Trent,L (2429)-Adair,J (2363) Sunny Beach 2013}) 9. Qb6 Qxb6 10. Bxb6 Nb4 11. O-O Nf6 12. a4 (12. a3 {is interesting.} Nxd3 13. cxd3 Be7 14. Rac1 O-O 15. e5) 12... bxa4 13. Rxa4 (13. f5 {looks sharper.} Be7 14. fxe6 fxe6 15. Rxa4 O-O 16. Bd4) 13... d5 (13... Be7 {seems wilder.} 14. Ne5 O-O 15. f5 Nxd3 16. Nxd3 Rfc8) 14. exd5 Nxd3 15. cxd3 Nxd5 16. Nxd5 Bxd5 17. Rfa1 Bb7 18. f5 Rb8 19. Ba7 Ra8 20. Bd4 Rd8 {[#] And now ...Bxf3 would win.} (20... Be7 {is more complex.} 21. fxe6 fxe6 22. Rc1 Bxf3 23. gxf3 O-O) 21. fxe6 {Hoping for Ng5.} fxe6 22. Re1 Bxf3 {The position is equal.} 23. gxf3 Rxd4 24. Rxd4 $11 {[%mdl 4096] Endgame KRR-KRB} Bc5 25. Ree4 Ke7 26. Kg2 {[#] Black must now prevent Ra4.} Bxd4 27. Rxd4 {KR-KR} Rb8 28. b4 $1 Rb6 29. Kf2 Rb5 30. Rh4 h6 31. Ke3 Kf6 32. Rf4+ Rf5 33. Rh4 Ke7 34. Rg4 Kf7 35. Rg2 Rb5 36. Rg4 a5 37. bxa5 Rxa5 38. Rf4+ Kg6 39. Rg4+ Kf6 40. Rf4+ Rf5 41. Rh4 h5 42. Re4 Ra5 43. Rf4+ Kg6 44. Re4 Kf6 45. Rf4+ Ke7 46. Rh4 g6 47. Kf2 Ra2+ 48. Kg3 Rd2 49. Rd4 Ra2 50. Rb4 Ra3 51. Rd4 Kf6 52. Rd8 Ra5 53. Rf8+ Ke7 54. Rg8 Rg5+ 55. Kf2 Kf7 56. Rd8 Ra5 57. Kg3 Ra4 58. Rd7+ Kf6 59. Rd8 h4+ 60. Kh3 Kg5 61. Re8 Rf4 62. Kg2 Kf5 63. Rh8 Rd4 64. Kf2 g5 65. Rf8+ Kg6 66. Ke3 Ra4 67. h3 Kg7 68. Rb8 Ra2 69. f4 Rh2 70. fxg5 Rxh3+ 71. Kf4 Rxd3 72. Kg4 h3 {...h2 is the strong threat.} 73. Rb2 Kg6 74. Re2 Rd6 75. Kxh3 Kxg5 76. Kg3 Kf5 77. Ra2 Ke4 78. Kf2 e5 79. Ke2 Rb6 80. Ra4+ Kf5 81. Ke3 Rb3+ 82. Ke2 Ke6 83. Ra6+ Kf5 84. Ra4 Rc3 85. Kd2 Rf3 86. Ke2 Rf4 87. Rxf4+ Kxf4 {KP-K} 88. Kf2 Ke4 {[%cal Bf4e4,Be4d4,Bd4e5][%mdl 32]} (88... e4 $5) 89. Ke2 Kd4 {aiming for ...Ke4.} 90. Kd2 e4 {[%cal Be5e4,Be4e3,Be3e2][%mdl 32]} 91. Ke2 e3 (91... Kc3 $5) 92. Ke1 Ke5 (92... Kc3 $5) 93. Ke2 Ke4 (93... Kd4 $5) 94. Ke1 Kd3 {( -> ...e2)} (94... Kf3 $5 95. Kf1 $8 Kg4 $11) 95. Kd1 e2+ 96. Ke1 Ke4 {Precision: White = 81%, Black = 73%.} 1/2-1/2